| 000 | 00411nam a2200181Ia 4500 | ||
|---|---|---|---|
| 008 | 210210b1939 xxu||||| |||| 00| 0 eng d | ||
| 041 | _aeng | ||
| 082 | _a829/849 | ||
| 100 | _aQUILLLER (Couch) | ||
| 245 | _aStory of the Iliad | ||
| 260 |
_aLondon _bJ M Dent & Sons Ltd. _c1939 |
||
| 650 | _athe | ||
| 650 | _aStory | ||
| 650 | _aof | ||
| 650 | _aIliad | ||
| 690 | _aEnglish Fiction | ||
| 906 | _a017466 | ||
| 999 |
_c137432 _d137432 |
||